| 000 | 01076cam a2200301 i 4500 | ||
|---|---|---|---|
| 001 | 11832432 | ||
| 003 | EG-ScBUE | ||
| 005 | 20250624084939.0 | ||
| 008 | 990813t1998 ii a f b 100 0 eng | ||
| 020 | _a8173191557 | ||
| 035 | _a(DLC) 99937336 | ||
| 040 |
_aEG-ScBUE _beng _erda _cEG-ScBUE _dEG-ScBUE |
||
| 082 | 0 | 4 |
_a537.623 _222 _bHIG |
| 245 | 0 | 0 |
_aHigh temperature superconductivity : _bten years after its discovery / _ceditors, K. B. Garg, S. M. Bose. |
| 264 | 1 |
_aNew Delhi : _bNarosa Publishing House, _c[1998] |
|
| 264 | 4 | _cc1998 | |
| 300 |
_axi, 437 pages : _billustrations ; _c25 cm |
||
| 336 |
_2rdacontent _atext _btxt |
||
| 337 |
_aunmediated _2rdamedia _bn |
||
| 338 |
_avolume _bnc _2rdacarrier |
||
| 504 | _aIncludes bibliographical references. | ||
| 520 | _aCollection of papers presented at a workhop. | ||
| 650 | 7 |
_aHigh temperature superconductivity. _95879 _2BUEsh |
|
| 655 | _vReading book | ||
| 700 | 1 |
_aGarg, K. B. _q(Krishna Behari), _d1935- _95880 _eeditor. |
|
| 700 | 1 |
_aBose, S. M. _q(Shyamalendu M.), _d1939- _95881 _eeditor. |
|
| 942 |
_2ddc _cBB |
||
| 999 |
_c11762 _d11762 |
||